Vista normal
Vista MARC
- Fischer, Valeria L.
Entrada Personal Name
Número de registros utilizados en: 1
001 - CONTROL NUMBER
- control field: 27322
003 - CONTROL NUMBER IDENTIFIER
- control field: AR-BaUME
005 - DATE AND TIME OF LATEST TRANSACTION
- control field: 20260311111140.0
008 - FIXED-LENGTH DATA ELEMENTS
- fixed length control field: 260311|| aca||aabn | a|a d
040 ## - CATALOGING SOURCE
- Original cataloging agency: AR-BaUME
- Transcribing agency: AR-BaUME
100 ## - HEADING--PERSONAL NAME
- Personal name: Fischer, Valeria L.
- Relator term: tut.
670 ## - SOURCE DATA FOUND
- Source citation: Work cat.: (AR-BaUME): Vocobelli, Ramiro 27321, Diversificación de la oferta turística de San Antonio de Areco a través del Turismo de Aventura / , 2024



